Normal view
MARC view
- Ende, Michael,
Entry Nombre Personal
001 - NUMERO DE CONTROL
- campo de control: 30965
003 - IDENTIFICADOR DE NUMERO DE CONTROL
- campo de control: UPN
005 - FECHA Y HORA DE LA ÜLTIMA TRANSACCIÓN
- campo de control: 20210219194418.0
008 - DATOS DE LONGITUD FIJA
- campo de control de longitud fija: nabaccnnaabn|||||||||| b |nc|||||d
035 ## - NUMERO DE CONTROL
- Número de control: UPN11000003071
040 ## - FUENTE DE CATALOGACIÓN
- Lenguaje de catalogación: SPA
- Agencia de transcripción: UPN
053 #4 - NÚMERO DE CLASIFICACIÓN LC
- Número de clasificación elemento-número único o número inicial de tramo: PT2665 N2.3
100 1# - ENCABEZAMIENTO - NOMBRE PERSONAL
- Nombre personal: Ende, Michael,
- Fechas asociadas con el nombre: 1929-1995
670 ## - FUENTE EN LA QUE SE LOCALIZARON DATOS
- Cita de la fuente: T
- Uniform Resource Identifier: http://www.tubiografia.com.ar/Biografias-E/32009/Ende,-Michael-(1929-1995).htm
680 ## - NOTA PUBLICA DE ACCESO PÚBLICO
- Frase explicativa de la referencia: Escritor alemán
902 ## - CATALOGADOR
- Catalogador: CAA/160511
